[Event "City of Adelaide"]
[Site "Adelaide"]
[Date "1998.08.26"]
[Round "6.7"]
[White "Stefan, Vladimir"]
[Black "Errington, James"]
[Result "1-0"]
[WhiteElo "1218"]
[BlackElo "1323"]
[Annotator "Fritz 5.00 - Anderson-Smith,W"]
[PlyCount "41"]
[EventDate "1998.07.22"]
[EventType "swiss"]
[EventRounds "9"]
[EventCountry "AUS"]

1. e4 d5 {Scandinavian (Centre Counter) Defence} 2. exd5 Qxd5 3. Nc3 Qa5 4. d4
Nf6 (4... c6 5. Nf3 Nf6 6. Bd2 Bf5 7. Bc4 e6 8. Qe2 Bb4 9. O-O-O Nbd7 10. Kb1 (
10. a3 Bxc3 11. Bxc3 Qc7 12. Ne5 Nd5 13. Bd2 Nxe5 14. dxe5 O-O-O 15. g4 Bg6 16.
f4 h5 17. h3 Qe7 18. Qf2 hxg4 19. Bxd5 exd5 20. Qxa7 gxh3 21. Ba5 Rde8 22. Qa8+
Kd7 23. Qxb7+ Ke6 24. Qxc6+ Kf5 25. Qxd5 {
1-0 Ulibin,M-Hauchard,A/Andorra 1996/EXP 54}) 10... O-O-O (10... Bg4 11. h3
Bxf3 12. Qxf3 O-O 13. a3 Bxc3 14. Bxc3 Qc7 15. Bd2 Nd5 16. Bd3 b5 17. Qe4 g6
18. h4 c5 19. Bh6 Rfb8 20. dxc5 Qxc5 21. c3 a5 22. Rc1 Qd6 23. Rhd1 b4 24. cxb4
axb4 25. a4 Rxa4 26. Bb5 Ra5 27. Qd4 f6 28. Bxd7 Qxd7 29. Qc4 b3 {
0-1 Maxion,D-Kuehn,P/BL2-N 1995/BL2}) 11. a3 Bxc3 12. Bxc3 Qc7 13. Bd2 Nd5 14.
Nh4 Bg6 15. Bb3 N7f6 16. Nxg6 hxg6 17. g3 Qb6 18. Ka2 Ne7 19. c3 Kb8 20. h4 Ka8
21. Bg5 Rhe8 22. Qf3 Neg8 23. Rhe1 Rd7 24. Re5 Red8 25. a4 Rc8 26. a5 Qa6 27.
Kb1 Nd5 28. Bd2 Ngf6 29. g4 Ne8 30. c4 Ndf6 31. g5 Ng8 32. d5 exd5 33. cxd5 c5
34. d6 Nxd6 35. Bf4 Rdd8 36. Red5 Rc6 37. Ba4 {
1-0 Dolmatov,S-Wahls,M/BL9293 1993/BL 90}) 5. Be2 (5. Bf4 Bf5 6. Qd2 c6 7. Bc4
e6 8. Nge2 Bb4 9. O-O Nbd7 10. a3 Bxc3 11. Nxc3 Nb6 12. Be2 Bg6 13. Be5 Nbd7
14. b4 Qd8 15. Bf4 Nd5 16. Bg3 Nxc3 17. Qxc3 O-O 18. Rfd1 Nf6 19. Qb3 Ne4 {
Zhuravliov,V-O'Cinneide,M/Moscow olm 1994/EXP 44/1/2-1/2 (44)}) (5. h3 Bf5 6.
Nf3 e6 7. Bd2 c6 8. Bc4 Qc7 9. Bb3 Nbd7 10. Qe2 Be7 11. O-O O-O-O 12. Rfe1 Bd6
13. Rad1 h6 14. Ne5 Bxe5 15. dxe5 Nd5 16. Nxd5 exd5 17. Qe3 Rhe8 18. Qxa7 Rxe5
19. Qa8+ Nb8 {Niedermayr,H-Steiner,J/AUT-chT 1996/EXP 52/1/2-1/2 (47)}) 5... g6
$146 {Secures h5} (5... e5 6. dxe5 Qxe5 7. Nf3 Qd6 8. O-O Qxd1 9. Rxd1 c6 10.
Re1 Be7 11. Bd3 h6 12. Ne4 Nxe4 13. Rxe4 Bf5 14. Rxe7+ Kxe7 15. Bxf5 Rd8 16.
Bd3 Nd7 17. Be3 Kf8 18. Kf1 Nf6 19. h3 Nd5 20. Re1 {
Molitor,P-Lange,G/RLPF-chS Schweich 1990/GER 05/1/2-1/2 (35)}) (5... Nc6 6. Bf3
Bf5 (6... Bd7 7. Nge2 O-O-O 8. O-O e5 9. d5 Be6 10. dxc6 Rxd1 11. cxb7+ Kb8 12.
Rxd1 Bc5 13. Rd2 Bg4 14. Bxg4 Nxg4 15. Ne4 f5 16. Nxc5 Qxc5 17. Nc3 e4 18. Re2
Qd6 19. g3 Ne5 20. Bf4 Nf3+ 21. Kg2 Qg6 22. Rd1 Qh5 23. h4 Nxh4+ 24. gxh4 Qf3+
{0-1 Voller,O-Maurino,L/WchJM-U12 Bratislava 1993/TD 93\05}) 7. Nge2 Nb4 8. O-O
O-O-O 9. Bd2 Bxc2 10. Qc1 Bg6 11. Nf4 e6 12. a3 Nc6 13. Ncd5 Qa4 14. Bd1 Qxd4
15. Bc3 Qe4 16. Nxf6 gxf6 17. Bxf6 Bh6 18. Bxh8 Bxf4 19. Qc3 Bd2 20. Qf6 Nd4
21. Bf3 Nxf3+ 22. gxf3 Qe2 23. Bg7 Rg8 24. Rfd1 Bh5 25. Qd4 e5 26. Rxd2 Rxg7+
27. Qg4+ Rxg4+ {0-1 Tayeb,S-Soppe,G/Novi Sad olm 1990/TD 90\06}) 6. Nf3 Bg7 7.
O-O O-O 8. Ne5 c6 {Controls b5} 9. f4 Be6 10. g4 Nd5 11. Ne4 Nd7 12. Nc4 Qc7 $2
$18 (12... Qa6 $142 {would allow Black to play on} 13. f5 Nc3 14. Nxc3 Bxc4 $11
) 13. f5 c5 14. fxe6 $16 (14. dxc5 Nxc5 15. fxe6 fxe6 $18) 14... Bxd4+ 15. Kh1
N7b6 $4 $18 {the position was bad, and this mistake simply hastens the end} (
15... fxe6 $142 16. c3 Bg7 $18) 16. Nxb6 (16. exf7+ $5 {
and White can already relax} Rxf7 17. Rxf7 Kxf7 18. Ng5+ Kg8 $18) 16... Qxb6 (
16... Nxb6 17. exf7+ Rxf7 18. Rxf7 Kxf7 $18) 17. exf7+ Rxf7 (17... Kh8 {
does not help much} 18. c3 Ne3 19. Bxe3 (19. cxd4 Nxd1 20. Bf4 Rxf7 21. Be5+
Rg7 22. Raxd1 Qxb2 $18) 19... Bxe3 20. Qd7 $18) 18. Rxf7 Kxf7 19. c3 Be5 (19...
Kg7 {desperation} 20. cxd4 cxd4 $18) 20. Qxd5+ Qe6 21. Ng5+ (21. Ng5+ Ke8 22.
Nxe6 Rc8 23. Bb5+ Rc6 24. Qd8+ Kf7 25. Ng5+ Kg7 26. Qxe7+ Kh8 27. Qxh7#) 1-0

[Event "City of Adelaide"]
[Site "Adelaide"]
[Date "1998.09.02"]
[Round "7.2"]
[White "Tanti, Joseph G"]
[Black "Hunter, Daniel M"]
[Result "0-1"]
[WhiteElo "1750"]
[BlackElo "1633"]
[Annotator "Fritz 5.00 - Anderson-Smith,W"]
[PlyCount "76"]
[EventDate "1998.07.22"]
[EventType "swiss"]
[EventRounds "9"]
[EventCountry "AUS"]

1. e4 c5 2. Nf3 Nc6 3. b4 {Sicilian Defence, Wing Gambit Deferred.} cxb4 (3...
d5 4. exd5 Nxb4 5. c4 e6 6. a3 Na6 7. Nc3 Nf6 8. Rb1 exd5 9. cxd5 Nc7 10. Bc4
Be7 11. O-O O-O 12. Re1 Re8 13. Ne5 Bd6 14. f4 b6 15. Nc6 Rxe1+ 16. Qxe1 Qd7
17. Bb2 Bb7 18. Qg3 Bf8 19. Ne5 Qd6 20. Re1 Rd8 21. d3 b5 22. Nxb5 Nxb5 23.
Bxb5 Qb6 24. Nc6 Bxc6 25. dxc6 Qxb5 26. c7 Rc8 27. Bxf6 Rxc7 28. f5 {
1-0 Bosboom,M-Stone,R/Groningen op 1991/EXP 26}) 4. d4 d5 (4... e6 5. d5 Qf6 6.
c3 bxc3 7. dxc6 c2 8. Qxc2 Qxa1 9. e5 Ne7 10. a3 Nxc6 11. Bb2 Nb4 12. Qc1 Na2 {
1/2-1/2 Yilmaz,T-Kouatly,B/Thessaloniki olm 1984/BIG 80}) 5. exd5 Qxd5 6. c4
Qe4+ $146 (6... bxc3 7. Nxc3 Qa5 8. d5 e6 (8... Qxc3+ 9. Bd2 Qa3 10. dxc6 bxc6
11. Qc2 Bd7 (11... Qd6 12. Bf4 Qb4+ 13. Bd2 Qd6 14. Be2 Nf6 15. O-O Nd5 16.
Rfd1 e6 17. Ne5 Be7 18. Nxc6 O-O 19. Bb4 Nxb4 20. Rxd6 Nxc2 21. Nxe7+ Kh8 22.
Rb1 a5 23. Bf3 Ra7 24. Nxc8 {1-0 Yilmaz,T-Veinger,I/Kusadasi op 1990/EXP 18})
12. Rb1 e5 13. Rb3 Qe7 14. Bc4 f6 15. O-O Nh6 16. Rfb1 Qd8 17. Bxh6 gxh6 18.
Rd1 Qc7 19. Nh4 Bg4 20. Rdb1 Rd8 21. h3 Bc8 22. Ng6 hxg6 23. Qxg6+ Ke7 24. Qf7+
{1-0 Steinbacher,M-Wenzel,R/BL9495 1995/BL 90}) 9. Qb3 Bb4 10. Bd2 exd5 11.
Nxd5 Bxd2+ 12. Nxd2 Nge7 13. Bb5 O-O 14. O-O Nxd5 15. Qxd5 Rd8 16. Rfe1 Be6 {
0-1 Roeseler,W-Schmidt,M/NRW-II 1995/GER 10}) (6... bxc3 7. Nxc3 Qa5 8. Bd2 $17
(8. Bd2 e6 9. Bc4 Bb4 10. Rc1 Nf6 11. a3 Bxc3 12. Bxc3 Qxa3 13. O-O O-O 14. Bd3
Nb4 15. Bxb4 Qxb4 16. Rc4 Qd6 17. Ne5 Bd7 18. g4 Bb5 19. g5 Nd5 20. Qb1 Bxc4
21. Bxh7+ Kh8 22. Qe4 Nf4 23. Nxc4 Qxd4 24. Ne5 Qxe4 25. Bxe4 f6 26. Nd7 {
0-1 Knox,D-Turner,M/BCF-ch 1994/TD 94\03})) 7. Be2 e5 $11 (7... e6 8. O-O $15)
8. dxe5 $15 (8. d5 $5 {might be a viable alternative} Nd4 9. Nxd4 exd4 10. O-O
$14) 8... Nxe5 9. O-O Nxf3+ (9... Nxc4 $2 {is no good because of} 10. Re1 Be7
11. Nbd2 $18) 10. Bxf3 Qxc4 11. Bd5 Qg4 12. Qb3 Be7 13. Bxf7+ Kf8 14. a3 Qf5
$11 (14... Nf6 15. Rd1 $15) 15. Bc4 Nf6 16. axb4 b6 17. Re1 Bb7 18. Rxe7 $15 (
18. b5 $142 $5 $11 {should not be overlooked}) 18... Kxe7 {
Black launches an attack} 19. b5 Qe4 {Threatening mate... how?} 20. Ba3+ Ke8
21. Bf7+ $19 (21. Bf1 $5 $17) 21... Kd8 22. Qd1+ Nd7 23. f3 Qf5 24. Bb3 Rc8 25.
Qd6 (25. Bb2 Re8 26. Rxa7 $19) 25... Qf6 (25... Re8 $142 $5 26. Nd2 $19) 26.
Be6 {Do you see the mate threat?} Rc7 27. Ra2 Bc8 28. Re2 Re8 29. Bb2 Qe7 {
Black terminates the opponent with strong threats} 30. Qg3 (30. Qd3 Qc5+ 31.
Kf1 Qb4 $17) 30... Qc5+ 31. Kh1 (31. Qf2 $19) 31... Nf6 $1 {finishing him off}
32. Ba3 (32. Be5 {hoping against hope} Rce7 $1 {the final blow} 33. Bd4 Qxd4
34. Rd2 Qxd2 35. Nxd2 Rxe6 36. h3 $19) 32... Qxb5 $1 {forces the win} (32...
Rxe6 $6 {is a weaker possibility} 33. Rxe6 Qxb5 34. Re1 $17) 33. Rd2+ Rd7 {
Threatening mate: Qf1} 34. Rxd7+ (34. Qe1 {doesn't change anything anymore}
Rxe6 35. Qg1 Rxd2 36. Nxd2 Qd3 $19) 34... Nxd7 35. Nd2 Rxe6 36. h3 Qe5 (36...
Qa4 $142 {makes sure everything is clear} 37. Bd6 Qd1+ 38. Kh2 Qxd2 39. Bc7+
Ke8 40. Qg4 $19) 37. Qh4+ (37. Qxe5 {cannot change what is in store for ?} Nxe5
38. Bf8 Nd3 $19) 37... Kc7 (37... Nf6 $142 {nails it down} 38. Qb4 Nd5 39. Qf8+
Re8 40. Qd6+ Qxd6 41. Bxd6 $19) 38. Nc4 Qe1+ (38... Qe1+ 39. Qxe1 Rxe1+ 40. Kh2
a5 $19) 0-1

[Event "City of Adelaide"]
[Site "Adelaide"]
[Date "1998.02.04"]
[Round "7.3"]
[White "Sheldrick, Kevin"]
[Black "Nothdurft, John"]
[Result "1-0"]
[WhiteElo "1801"]
[BlackElo "1528"]
[Annotator "Fritz 5.00 - Anderson-Smith,W"]
[PlyCount "75"]
[EventDate "1998.07.22"]
[EventType "swiss"]
[EventRounds "9"]
[EventCountry "AUS"]

1. e4 c5 2. Nc3 Nc6 3. g3 {Sicilian Defence, Closed System.} g6 4. Bg2 Bg7 5.
d3 e6 6. Be3 b6 (6... d6 7. Qd2 h6 (7... Rb8 8. Nge2 Nd4 9. O-O Ne7 10. Rab1
Nec6 11. a3 b5 12. b4 O-O 13. f4 cxb4 14. axb4 Qc7 15. Rf2 a5 16. Nxd4 Nxd4 17.
bxa5 Qxa5 18. Nd5 Qxd2 19. Ne7+ Kh8 20. Rxd2 b4 21. Nxc8 Rfxc8 22. Bxd4 {
1/2-1/2 Karpov,A-Ftacnik,L/Vienna op 1986/CBM 01}) (7... Qa5 8. Nh3 (8. f4 Nge7
9. Nf3 Nd4 10. Nh4 O-O 11. O-O f5 12. Nd5 Qxd2 13. Nxe7+ Kf7 14. Bxd2 Kxe7 15.
c3 Nc6 16. Be3 Bd7 17. e5 b6 18. exd6+ Kxd6 19. Rad1 Rac8 20. d4 cxd4 21. Nf3
Ke7 22. Nxd4 Nxd4 23. Bxd4 Bxd4+ 24. Rxd4 Rc7 25. Re1 Bc6 26. Bf1 Be4 27. Bc4
Rfc8 28. Bb3 Rd7 29. Rxd7+ Kxd7 30. Kf2 Ke7 31. Rd1 Rc5 32. Rd2 e5 {
1/2-1/2 Feustel,P-Nutu Gajic,D/Dubai olw 1986/TD 86\02}) 8... h5 9. f4 Nd4 10.
Nf2 h4 11. O-O-O Ne7 12. Kb1 Nec6 13. Rc1 b5 14. e5 d5 15. Qe1 b4 16. Bxd4 cxd4
17. Ne2 Rb8 18. Rd1 Qc5 19. Ng4 a5 20. Nc1 a4 21. Nf6+ Kd8 22. g4 Na7 23. Rd2
Nb5 24. Rf2 a3 25. Nb3 Qa7 26. Qxb4 Bf8 27. Qe1 axb2 {
0-1 Lobron,E-Tukmakov,V/Thessaloniki olm 1984/BIG 80}) 8. f4 Nge7 9. Nf3 Nd4
10. O-O Nec6 11. Ne1 b6 12. Nd1 Ne7 13. c3 Ndc6 14. Bf2 d5 15. e5 g5 16. Ne3
Ng6 17. Nf3 gxf4 18. gxf4 h5 19. h4 Bh6 20. Ng5 Nxf4 21. Nxf7 Qe7 22. Nxh6 Qg7
23. Nf7 Nxg2 24. Nxg2 Qxf7 25. Be3 Qg7 26. Bg5 Rh7 27. Bf6 Qg6 28. Qg5 Qxg5 29.
hxg5 Ba6 30. g6 Rh6 31. Nf4 Ne7 32. Bg5 Rxg6 33. Nxg6 Nxg6 34. Rf6 Bxd3 35.
Rxe6+ Kd7 36. Rd6+ Kc7 37. Rxd5 Be4 38. Rd2 Re8 39. Rf1 Rxe5 40. Bf4 Nxf4 41.
Rxf4 Bf5 42. Kf2 Be6 43. a3 Kc6 44. Re2 Rxe2+ 45. Kxe2 Bb3 46. Rf5 a5 47. Rxh5
b5 48. Ke3 Kd6 49. Rh6+ Kd5 50. Ra6 a4 51. Rb6 Kc4 52. Kd2 {
1-0 Balashov,Y-Shirov,A/URS-FL56 Klaipeda 1988/CBM 11}) 7. Qd2 Bb7 8. O-O-O
$146 (8. Nge2 a6 (8... Nge7 9. Bh6 Bxh6 (9... O-O 10. h4 f5 11. h5 Bxc3 12.
Nxc3 Rf7 13. Bg5 Qe8 14. Nb5 Nc8 15. Nc7 Qf8 16. hxg6 hxg6 17. Nxa8 Bxa8 18.
Rh6 Rg7 19. O-O-O Nd6 20. Rh2 Nf7 21. Rdh1 {
1-0 Konopkova,S-Mudrochova,H/CSR-chJW 1990/TD 93\02}) 10. Qxh6 d5 11. exd5 Nf5
12. Qd2 Nb4 13. O-O Nxd5 14. Nf4 O-O 15. Ncxd5 Bxd5 16. Nxd5 exd5 17. Rae1 Qd6
{1/2-1/2 Polzin,R-Teske,H/Berliner Sommer 1994/TD 94\02}) 9. O-O Nd4 10. Nd1
Nxe2+ 11. Qxe2 Ne7 12. Rb1 d5 13. b4 cxb4 14. Rxb4 d4 15. Bg5 b5 16. Rb2 h6 17.
Bd2 O-O 18. f4 Qd7 19. Nf2 Kh7 20. h4 Rac8 21. h5 Rc7 22. Ng4 Rfc8 23. Ba5 Rc3
24. hxg6+ fxg6 25. Bb4 R3c7 26. Ne5 Qe8 27. Bd6 Rc3 28. Bh3 Nc6 29. Rf2 Rd8 30.
Bc7 Rc8 31. Bd6 Rd8 32. Bc7 Rc8 33. Bd6 Rd8 34. Nxc6 Rxd6 35. Ne5 a5 36. Rb1
Bc8 37. Kg2 Ra3 38. Qg4 Rxa2 39. Rxb5 Qxb5 40. Qxg6+ Kg8 41. Qf7+ Kh7 42. Qg6+
Kg8 43. Qf7+ Kh7 {1/2-1/2 Ibragimov,B-Nguyen Anh Dung/Moscow olm 1994/EXP 44})
(8. f4 Nge7 9. Nf3 Nb4 10. a3 Na6 11. d4 d5 12. e5 Nf5 13. Bf2 Rc8 14. Nb5 Qd7
15. a4 Bc6 16. g4 Bxb5 17. axb5 Nxd4 18. Nxd4 Nb4 19. Nc6 Nxc6 20. bxc6 Rxc6
21. c4 Rc7 22. cxd5 exd5 {Burjan,A-Barat,A/HUN-chT2 1994/TD 94\03/1-0 (36)})
8... d6 9. Nf3 Nd4 10. Bxd4 $4 $19 {forfeits the advantage} (10. h4 $142 $11 {
was necessary}) 10... Bxd4 $4 $11 {releasing the pressure on the opponent} (
10... cxd4 $142 {with excellent chances for Black} 11. Nxd4 Bxd4 $19) 11. Nxd4
{White is in command} cxd4 12. Nb5 e5 13. Qb4 Ke7 14. f4 {
Nimzovich: attack the chain at its base} a6 15. Na3 f6 $16 (15... a5 16. Qb3
$14) 16. fxe5 fxe5 17. Nc4 a5 18. Qxb6 Qxb6 19. Nxb6 Nf6 $2 $18 (19... Rf8 $142
$16) 20. Nxa8 Rxa8 21. Bf3 Bc8 22. Rhf1 Be6 23. Kb1 Bg4 (23... a4 24. c3 $18)
24. Bxg4 Nxg4 25. Rd2 Ne3 26. Rf3 Rf8 27. Rxf8 Kxf8 28. c3 g5 (28... Ke7 29.
Re2 $18) 29. cxd4 exd4 30. b4 (30. Rc2 {makes it even easier for White} Nxc2
31. Kxc2 a4 $18) 30... axb4 31. Rb2 Ke7 (31... d5 {cannot change destiny} 32.
Rxb4 dxe4 33. Rxd4 exd3 34. a4 $18) 32. Rxb4 {The passed pawn on a2 will
quickly become a dangerous weapon. White begins to deal mighty blows} Ke6 (
32... d5 {doesn't get the bull off the ice} 33. a4 dxe4 34. Rxd4 $18) 33. Rxd4
Nf1 34. a4 Nxh2 (34... Nd2+ {does not improve anything} 35. Kc2 Nf3 36. Rd5 $18
) 35. a5 Nf3 36. a6 Nxd4 37. a7 Nc6 38. a8=Q (38. a8=Q Ne7 39. Qe8 $18) 1-0

[Event "City of Adelaide"]
[Site "Adelaide"]
[Date "1998.09.02"]
[Round "7.6"]
[White "Errington, James"]
[Black "Brown, Cyril D"]
[Result "1-0"]
[WhiteElo "1323"]
[BlackElo "1248"]
[Annotator "Fritz 5.00 - Anderson-Smith,W"]
[PlyCount "114"]
[EventDate "1998.07.22"]
[EventType "swiss"]
[EventRounds "9"]
[EventCountry "AUS"]

1. e4 c5 {Sicilian Defence} 2. f4 g6 (2... d5 3. exd5 Nf6 4. Bb5+ Bd7 5. Bxd7+
Qxd7 6. c4 e6 7. Qe2 Bd6 8. Nf3 (8. f5 O-O 9. fxe6 fxe6 10. dxe6 Qe7 11. Nf3
Nc6 12. O-O Rae8 13. Re1 Ng4 14. h3 Nge5 15. Nxe5 Qxe6 16. Nf3 Qxe2 17. Rxe2
Rxe2 18. Nc3 Re6 19. d3 Nd4 {
0-1 Moyano Morales,F-Verat,L/Palma de Mallorca 1991/TD 91\08}) (8. d3 O-O 9.
dxe6 fxe6 10. Nf3 Nc6 11. O-O Rae8 12. Nc3 e5 13. f5 Nd4 14. Qd2 Qxf5 15. b3 e4
16. dxe4 Nxe4 17. Nxe4 Rxe4 18. Qg5 Nxf3+ 19. gxf3 Re2 {
0-1 Evans,L-King,D/London WFW 1988/CBM 09}) 8... O-O 9. dxe6 Qxe6 10. Qxe6 fxe6
11. d3 Nc6 12. Nc3 Rad8 13. O-O Bc7 14. Ng5 Nd4 15. Be3 Rfe8 16. Bxd4 cxd4 17.
Nce4 Ng4 18. Nc5 e5 19. Nge6 Rc8 20. f5 e4 21. Nxc7 Rxc7 22. Nxe4 Ne5 23. f6
Rf8 24. fxg7 Kxg7 25. Rxf8 Kxf8 26. Rf1+ Kg7 27. Nf6 Rc6 28. Nh5+ Kh6 29. Nf4
b5 30. Re1 Ng4 31. b3 bxc4 32. dxc4 Ne3 33. Ne2 d3 34. Nc3 Ng4 35. h3 Nf6 36.
Rd1 {1-0 Campora,D-Polgar,Z/Biel 1987/CBM 03}) 3. Nc3 $146 (3. d4 d5 (3... cxd4
4. Qxd4 Nf6 5. e5 Nc6 6. Qd1 Ne4 7. Be3 d5 8. Bd3 Qa5+ 9. c3 Bg7 10. Nf3 f6 11.
exf6 Nxf6 12. Nbd2 Qc7 13. Nb3 O-O 14. Bb5 Kh8 15. Qe2 Ng4 16. Bd2 e5 17. h3
Nf6 18. Bxc6 {Damljanovic,B-Arsovic,Z/Belgrade Trako 1995/EXP 47/1/2-1/2 (51)})
4. exd5 Qxd5 5. Nc3 Qxd4 6. Qf3 Nf6 7. Be3 Qb4 8. Bb5+ Nfd7 9. Nge2 Bg7 10. a3
Qa5 11. Bxc5 O-O 12. Bb4 Qd8 13. O-O-O a5 14. Bc5 Na6 15. Bf2 Nc7 16. Bxd7 Bxd7
17. Qxb7 Rb8 {Hodgson,J-Van der Wiel,J/Wijk 1986/TD 86\01/1/2-1/2 (32)}) (3. c3
d5 4. e5 h5 5. Nf3 Nc6 6. d3 Bg4 7. Be2 Nh6 8. Be3 e6 9. Bf2 Nf5 10. Nbd2 Be7
11. Qa4 Qd7 12. Qc2 Rc8 13. g3 h4 14. O-O-O Ncd4 15. Nxd4 Nxd4 16. cxd4 Bxe2
17. dxc5 Bxd1 18. Rxd1 hxg3 19. hxg3 b6 20. d4 Qb5 21. Nb3 a5 22. Kb1 a4 23.
Nc1 bxc5 24. dxc5 Qc4 25. Nd3 Rh2 26. Rc1 Qxc2+ 27. Rxc2 Rh1+ 28. Rc1 Rxc1+ 29.
Kxc1 Kd7 30. b3 axb3 31. axb3 Kc6 32. Kb2 Rh8 33. Kc3 Kb5 34. b4 g5 35. Be3 Rh3
36. Bf2 Rh1 37. Be1 Rh2 {Horn,P-Kraehenbuehl,G/SWZ-chT 1993/TD 93\08/0-1 (51)})
3... e6 {Secures d5} 4. Nf3 Bg7 5. Bc4 $11 (5. d4 cxd4 6. Nxd4 a6 $14) 5... Ne7
6. d3 h6 {Consolidates g5} 7. O-O d5 8. Bb3 Nbc6 9. f5 $15 {
This push gains space} (9. e5 O-O $11) 9... d4 $11 {This push gains space} (
9... gxf5 10. exd5 Nxd5 11. Nxd5 exd5 12. Qe1+ Be6 13. Nh4 $15) 10. fxg6 $17 (
10. fxe6 $5 {must be considered} fxe6 11. Ne2 $15) 10... Nxg6 $11 (10... dxc3
$142 $5 11. gxf7+ Kf8 12. bxc3 Bxc3 $17 (12... Kxf7 13. Ng5+ Kg8 14. Bxe6+ Bxe6
15. Nxe6 $16)) 11. Ne2 b6 12. Qe1 Bd7 13. Nf4 Nxf4 14. Bxf4 e5 $16 (14... Rg8
$5 $14 {is noteworthy}) 15. Bd2 Qe7 16. Nh4 {Attacks the backward pawn on f7}
Be6 (16... Bf6 17. Nf5 Bxf5 18. Rxf5 $18 (18. exf5 $6 Qd6 $11)) 17. Nf5 $16 (
17. Qg3 Bf8 18. Bd5 Qd6 $18) 17... Bxf5 18. Rxf5 (18. exf5 $6 Qf6 $14) 18... b5
$2 $18 (18... O-O $142 $16) 19. Bxf7+ Kd7 20. Bd5 (20. Qg3 $142 {
and White can celebrate victory} Bf8 21. Raf1 $18) 20... Raf8 21. Rxf8 $16 (21.
a4 b4 $18) 21... Rxf8 22. Qg3 Rf6 23. Rf1 {White gets in control} Rxf1+ 24.
Kxf1 Qf6+ 25. Kg1 Ne7 26. Bb3 Qg6 27. Qh3+ Kd6 28. a4 bxa4 29. Bxa4 {
Threatening mate: Qd7} Qe6 30. Qg3 Qg6 31. Qf3 h5 32. Qh3 {
Do you see the mate threat?} Qg4 33. Qxg4 {Threatening mate... how?} hxg4 34.
Kf2 Ng8 35. Kg3 Bh6 36. Bxh6 Nxh6 37. Be8 (37. Kh4 {might be the shorter path}
Ke7 $18) 37... Ke6 38. Bh5 Kf6 39. Bxg4 {
The passed pawn on g2 quickly leads to threats} Nf7 40. h4 Nd6 41. Bd7 Nb7 (
41... c4 42. Kf3 $18) 42. Kf3 Nd6 43. g4 c4 44. Bf5 cxd3 (44... c3 {
is no salvation} 45. g5+ Ke7 46. b4 $18) 45. cxd3 a5 (45... Nf7 {
doesn't improve anything} 46. b4 $18) 46. Ke2 (46. g5+ $142 $5 {
might be the shorter path} Ke7 $18) 46... Nb7 (46... Kf7 {
doesn't get the cat off the tree} 47. g5 $18) 47. g5+ Kg7 (47... Ke7 {
doesn't do any good} 48. h5 Nd8 49. Kf3 $18) 48. h5 {White prepares g6} Nd6 49.
h6+ Kh8 50. g6 {Threatening mate... how?} Ne8 51. g7+ (51. Kf3 $142 {
and the result of the game is clear: White will win} Nf6 $18) 51... Nxg7 52.
hxg7+ Kxg7 53. Kd2 Kf6 54. Kc2 Kg5 55. Kb3 Kf4 56. Be6 Ke3 57. Bc4 Kd2 1-0

[Event "City of Adelaide"]
[Site "Adelaide"]
[Date "1998.09.09"]
[Round "8.2"]
[White "Phan-Koshnitsky, Ngan"]
[Black "Yang, Song"]
[Result "1-0"]
[WhiteElo "2003"]
[BlackElo "1329"]
[Annotator "Fritz 5.00 - Anderson-Smith,W"]
[PlyCount "85"]
[EventDate "1998.07.22"]
[EventType "swiss"]
[EventRounds "9"]
[EventCountry "AUS"]

1. d4 Nf6 2. c4 c5 3. Nf3 {Benoni Defence} cxd4 4. Nxd4 e5 5. Nb5 d5 6. cxd5
Bc5 7. e3 (7. N5c3 O-O 8. e3 e4 9. Be2 Re8 10. Nd2 Nbd7 11. Qc2 $1 Qe7 12. O-O
a6 13. a4 $1 b6 14. Nc4 Bb7 15. Rd1 Rad8 16. b3 Ne5 $2 17. Nxe4 Nxe4 $2 18.
Qxe4 Qg5 19. h4 Qg6 20. Qxg6 Nxg6 21. h5 Ne7 22. d6 Nf5 23. d7 Re7 24. b4 $1 {
1-0 Lautier,J-Adams,M/Las Palmas 1994.}) 7... a6 (7... O-O 8. Be2 e4 (8... Nxd5
9. O-O a6 10. N5c3 Nf6 11. Nd2 Bf5 12. e4 Bg6 13. Kh1 Nc6 {
1/2-1/2 Roemling,S-Krauss,H/2.BLO9697 NT Nuernberg-ESV Leipzig 1997/BL2-O}) 9.
N1c3 a6 10. Nd4 Nbd7 11. O-O Nb6 12. Nb3 Bd6 13. Qd4 Re8 14. f4 exf3 15. Bxf3
Be5 16. Qd3 Qd6 17. h3 Bd7 18. Bd2 Na4 19. Rab1 Rac8 20. Rfc1 Rcd8 21. e4 Qe7
22. Re1 Bd6 23. Nxa4 Bxa4 24. Nd4 g6 25. Bc3 Be5 26. b3 Bd7 27. a4 Bc8 28. Rbd1
h5 29. Qd2 Bc7 30. Nf5 Bxf5 31. exf5 Qd6 32. fxg6 fxg6 33. Bxf6 Qxf6 34. Rxe8+
Rxe8 35. d6 Bb6+ 36. Kh1 Rd8 37. a5 Ba7 38. Qd5+ Kh8 39. Qxb7 Bc5 40. d7 Qf4
41. Qxa6 Qg3 42. Qf6+ Kh7 43. Qxd8 {
1-0 Teske,H-Milov,L/Berliner Sommer 1993/EXT 93op}) 8. N5c3 O-O 9. Be2 Bf5 $146
(9... e4 10. O-O Qe7 11. Nd2 Rd8 12. Nb3 Bb4 13. Bd2 Bxc3 14. Bxc3 Nxd5 15. Bd4
Nc6 16. Qd2 Be6 17. g3 Ndb4 18. a3 Bxb3 19. axb4 Qe6 20. Kh1 Nxd4 21. exd4 Qd5
22. Qe3 Qxd4 23. Qxb3 {1-0 Muehlenhaus,S-Bongers,E/Neuwied op 1993/GER 09}) 10.
O-O e4 11. a3 Nbd7 12. b4 Bd6 13. Bb2 $14 (13. Ra2 Rc8 $16) 13... Ne5 $16 (
13... Nb6 14. Qd4 $11) 14. Nd2 Re8 15. Re1 Nfg4 (15... Bc7 $5 $16) 16. g3 (16.
Ndxe4 Qh4 17. h3 Nxe3 18. fxe3 Bxe4 19. Nxe4 Qxe4 $16) 16... Nf6 17. Rc1 Rc8
18. Qb3 h5 (18... b5 19. a4 bxa4 20. Nxa4 Rxc1 21. Rxc1 $16) 19. Na4 Rxc1 20.
Rxc1 h4 21. Bd4 hxg3 22. hxg3 Nfd7 $18 (22... Bh7 $5 $16) 23. Nc5 Bxc5 24. bxc5
(24. Bxc5 $6 Nf6 $16) (24. Rxc5 $6 Nxc5 25. bxc5 Qd7 $11) 24... Qc7 25. c6 (25.
Nc4 $5 Nxc4 26. Rxc4 Ne5 $18) 25... bxc6 26. dxc6 (26. Bxa6 $6 Qa5 27. Qc3 Qxd5
$11) 26... Nxc6 27. Qc3 $16 (27. Qd5 Ndb8 28. Bxg7 Ne7 29. Rxc7 Nxd5 $16) 27...
Ndb8 $18 (27... Nxd4 28. Qxc7 Nxe2+ 29. Kg2 Nxc1 30. Qxc1 $16) 28. Bxg7 Qd6 29.
Nc4 Qg6 30. Bf6 (30. Qf6 Rd8 $18) 30... Nd7 (30... Bg4 $5 31. Bxg4 Qxg4 $18)
31. Bd4 (31. Nd6 $5 Rf8 $18) 31... Nxd4 (31... Rc8 32. Kg2 Qe6 33. Rh1 Nxd4 34.
Qxd4 $18) 32. Qxd4 Nf6 (32... Rc8 33. Rd1 $18) 33. Ne5 Qh6 34. Rc7 Bg6 $2 (
34... Be6 35. Bxa6 Rb8 $18) 35. Bc4 Rb8 36. Qd1 (36. Qa1 $142 $5 {
and White can already relax} Rb6 $18) 36... Rf8 (36... Qh5 37. Qxh5 Bxh5 38.
Nxf7 Rb1+ 39. Kh2 $18) 37. Bxa6 (37. Rc6 {makes it even easier for White} Bf5
$18) 37... Kg7 38. Nxg6 Qxg6 39. Bc4 (39. Qd4 {seems even better} Kg8 $18)
39... Qf5 (39... Nh7 40. Bf1 $18) 40. Qd4 Kg8 41. Rc5 {Threatening mate: Rxf5}
Qg6 42. a4 (42. Qd6 {might be the shorter path} Qh6 $18) 42... Qh6 (42... Ng4 {
doesn't do any good} 43. Qd7 $18) 43. Qe5 (43. Qe5 Rd8 44. Bb3 $18) (43. Rf5
$142 $5 {keeps an even firmer grip} Kg7 44. Rf4 Qg5 45. Rxe4 Qg6 $18) 1-0